| 000 | 00353nam a2200133Ia 4500 | ||
|---|---|---|---|
| 008 | 230917s9999||||xx |||||||||||||| ||und|| | ||
| 040 |
_e93963 _aMAIN |
||
| 041 | _aEnglish | ||
| 082 | _a301.426 U5P | ||
| 100 | _aUrmila | ||
| 245 | 0 | _aPerformance of family planning programme Haryana: A case study of Ugra Kheri village | |
| 300 | _a43 p. | ||
| 942 | _cTH | ||
| 999 |
_c73240 _d73240 |
||